Estatísticas para Maiores bilheterias do Cinema

Clique aqui para jogar o quiz

Estatísticas Gerais

  • Esse quiz foi jogado 177 vezes
    (140 desde o último reset)
  • A pontuação média é 10 de 15

Estatísticas das Respostas

AnoBilheteria (US$)Filme% Correto
20092,922,917,914Avatar
97%
20222 267 071 788Avatar: O Caminho da Água
97%
20192 797 501 328Vingadores: Ultimato
96%
20182 048 359 754Vingadores: Guerra Infinita
95%
19972 248 035 869Titanic
92%
20121 518 815 515Os Vingadores
89%
20151 402 809 540Vingadores: Era de Ultron
88%
20211,916,306,995Homem-Aranha: Sem Volta para Casa
71%
20152 069 521 700Star Wars: O Despertar da Força
52%
20181 347 597 973Pantera Negra
38%
20151 515 341 399Velozes e Furiosos 7
37%
20191 663 250 487O Rei Leão
32%
20221 488 519 000Top Gun: Maverick
32%
20151 671 537 444Jurassic World
31%
20191 450 026 933Frozen II
28%

Distribuição das Pontuações

Percentil de Números Respondidos

Porcentagem de Pessoas com Cada Pontuação

Sua Pontuação Histórica

Você não jogou esse quiz desde o último reset